Chaikovsky

Αποθηκεύτηκε σε:
Λεπτομέρειες βιβλιογραφικής εγγραφής
Κύριος συγγραφέας: Alfaya Bula, Javier (Συγγραφέας)
Μορφή: Βιβλίο
Γλώσσα:Ισπανικά
Έκδοση: Madrid Alianza 1995
Έκδοση:1a. ed
Σειρά:Alianza Cien, 86
Θέματα:
Ετικέτες: Προσθήκη ετικέτας
Δεν υπάρχουν, Καταχωρήστε ετικέτα πρώτοι!

MARC

LEADER 00000cam a2200000 a 4500
001 UCE4789
003 CL-VaPUC
008 141113e19950000sp |||||||||||||||||spa|d
020 |a 8420646865 
082 0 4 |a 780.92  |b ALF  |2 21 
100 0 |a Alfaya Bula, Javier  |e author  |9 577282 
245 1 0 |a Chaikovsky 
250 |a 1a. ed 
300 |a 63 p 
942 |c BK 
945 |d 20141113 14:00:00  |a dcastane 
260 |a Madrid  |b Alianza  |c 1995 
600 0 |a Tchaikovsky, Peter Ilich  |9 306347 
650 0 |a Compositores rusos  |9 329355 
650 7 |a MUSICA SIGLO 19  |2 CL-VaPUC  |9 577283 
583 |a last modification  |c 20190726 09:51:42  |k Rodrigo Vera 
490 0 |a Alianza Cien, 86 
999 |c 357669  |d 357667 
952 |0 0  |1 0  |3 erb  |4 0  |6 780_920000000000000_ALF_1995  |7 0  |8 X  |9 465707  |a FDOBUD  |b FDOBUD  |i 5107172  |o 780.92 ALF 1995  |p 5107172  |r 2019-11-23  |w 2019-11-23  |y BK_X  |z Catalogado en:20141113  |k BUD